Escritos bárbaros: ensayos sobre razón imperial y mundo árabe contemporáneo
Gardado en:
| Autor Principal: | |
|---|---|
| Formato: | Libro |
| Idioma: | Lingua castelá |
| Publicado: |
Santiago
Lom
2016
|
| Edición: | 1a. ed |
| Series: | Filosofía Política
|
| Subjects: | |
| Tags: |
Engadir etiqueta
Sen Etiquetas, Sexa o primeiro en etiquetar este rexistro!
|
MARC
| LEADER | 00000cam a2200000 a 4500 | ||
|---|---|---|---|
| 001 | UCD7295 | ||
| 003 | CL-VaPUC | ||
| 008 | 170317e20160000cl |||||||||||||||||spa|d | ||
| 020 | |a 9789560007179 | ||
| 082 | 0 | 4 | |a 320.91 |b KAR |2 21 |
| 100 | 0 | |a Karmy Bolton, Rodrigo Antonio |e author |9 591270 | |
| 245 | 1 | 0 | |a Escritos bárbaros: ensayos sobre razón imperial y mundo árabe contemporáneo |
| 250 | |a 1a. ed | ||
| 300 | |a 240 p | ||
| 942 | |c BK | ||
| 945 | |d 20170317 22:16:00 |a dcastane | ||
| 260 | |a Santiago |b Lom |c 2016 | ||
| 650 | 7 | |a PAISES ARABES |2 CL-VaPUC |9 261342 | |
| 650 | 0 | |a Política y gobierno |9 255151 | |
| 583 | |a last modification |c 20170317 22:16:00 |k Rodrigo Vera | ||
| 490 | 0 | |a Filosofía Política | |
| 999 | |c 367357 |d 367355 | ||